Statystyki dla Europejskie miasta według wskazówek w ich własnym języku

Kliknij tutaj aby rozwiązać quiz!

Ogólne statystyki

  • Ten quiz został rozwiązany 460 razy
  • Średni wynik to 6 z 15

Statystyki odpowiedzi

opismiasto% Poprawnych
W mieście działają placówki kulturalne o znaczeniu i statusie narodowym, m.in. Narodowy Stary TeatrKraków
90%
Das weltberühmte Oktoberfest macht diese Stadt zu einem Anziehungspunkt für den internationalen TourismusMonachium
84%
With a population of 2.8 million, it contains ten metropolitan boroughs including Bolton, Bury, and TraffordManchester
69%
Thàinig a h-ainm Beurla bhon ainm Gaeilgeair an seòlaid "Dubh Linn"Dublin
56%
Bu adlar tarihsel sırayla, Byzantion, Augusta Antonina, Nova Roma, Konstantinopolis, ve KostantiniyyeStambuł
50%
Tämä on Suomen kulttuurillinen, hallinnollinen, poliittinen ja liikekeskus sekä maan suurin työnantajaHelsinki
47%
Ingólfur Arnarson settist á Ísland árið 870 og nefndi þessa borgReykjavik
44%
De hoofdstad van de provincie Zuid-Holland en de op twee na grootste gemeente van NederlandHaga
34%
Esta é a capital do país e a cidade mais populosa do paísLizbona
33%
Този град е столицата и най-големият град в БългарияSofia
27%
Intra moenia urbis Romae (et ita inclave ab Italia circumdatum)Watykan
25%
Senamiestis yra vienas didžiausių Rytų Europoje ir 1994 m. Įtrauktas į UNESCO Pasaulio paveldo sąrašąWilno
25%
Nær Nygårdsgaten ligger St. Jakobs kirke fra 1921, Griegallen fra 1978 og Edvard Griegs plassBergen
14%
De nouveaux avions parfois révolutionnaires ont été conçus ici; comme le Concorde ou l’Airbus A380Tuluza
9%
(Na obrazie) Principale centro urbano cantonale e della Svizzera italiana con 151 522 abitantiLugano
4%

Rozkład punktacji

Percentyl według liczby udzielonych odpowiedzi

Procent ludzi z każdym wynikiem

Twoja historia wyników

Nie rozwiązałeś tego quizu